000 00651nam a2200217Ia 4500
003 OSt
005 20220928140616.0
006 a|||||r|||| 00| 0
007 ta
008 220927b |||||||| |||| 00| 0 eng d
024 _a9908
037 _cTextual
040 _aSDCL
_cSDCL
_beng
041 _2eng
_aeng
082 _aX:77.1(X) 'N7, L5
100 _aRamati Yohanan Ed.
_9496226
245 0 _aEconomic growth in developing countries material and human resources
_bProceedings of the seventh Rehovot conference
260 _c1975
942 _hX:77.1(X) 'N7, L5
_cTEXL
_2CC
999 _c812515
_d812515